مهارات العرض والتأثير فى السامعين (Record no. 12390)
[ view plain ]
| 000 -LEADER | |
|---|---|
| fixed length control field | 00422nam a22001337a 4500 |
| 008 - FIXED-LENGTH DATA ELEMENTS--GENERAL INFORMATION | |
| fixed length control field | 090722t xxu||||| |||| 00| 0 eng d |
| 020 ## - INTERNATIONAL STANDARD BOOK NUMBER | |
| International Standard Book Number | 9953100640 |
| 082 ## - DEWEY DECIMAL CLASSIFICATION NUMBER | |
| Classification number | 658.452 |
| Item number | ع ر ض |
| 245 ## - TITLE STATEMENT | |
| Title | مهارات العرض والتأثير فى السامعين |
| 260 ## - PUBLICATION, DISTRIBUTION, ETC. (IMPRINT) | |
| Place of publication, distribution, etc | بيروت: |
| Name of publisher, distributor, etc | مكتبة لبنان ، |
| Date of publication, distribution, etc | 2001 |
| 300 ## - PHYSICAL DESCRIPTION | |
| Extent | 69 ؛ ص |
| Dimensions | 19 سم |
| 490 ## - Series Statement | |
| Series statement | سلسلة الادارة المثلى |
| 942 ## - ADDED ENTRY ELEMENTS (KOHA) | |
| Source of classification or shelving scheme | Dewey Decimal Classification |
| Item type | Book - Borrowing |
| Withdrawn status | Item status | Source of classification or shelving scheme | Damaged status | Not for loan | Vendor | Home library | Current library | Shelving location | Date acquired | Total Checkouts | Total Renewals | Full call number | Barcode | Date last seen | Date last borrowed | Koha item type |
|---|---|---|---|---|---|---|---|---|---|---|---|---|---|---|---|---|
| Dewey Decimal Classification | Alef-Baa | Central Library | Central Library | First floor | 22/07/2009 | 2 | 25 | 658.452 م ه ا | 000017362 | 15/07/2025 | 23/11/2023 | Book - Borrowing |